अखेर काय झालं? (Record no. 339357)

MARC details
000 -LEADER
fixed length control field 00694nam a2200181Ia 4500
008 - FIXED-LENGTH DATA ELEMENTS--GENERAL INFORMATION
fixed length control field 090711s9999 xx 000 0 und d
082 ## - DEWEY DECIMAL CLASSIFICATION NUMBER
Item number 166
100 ## - MAIN ENTRY--PERSONAL NAME
Personal name गार्डनर अर्ल स्टॅनले
245 ## - TITLE STATEMENT
Title अखेर काय झालं?
260 ## - PUBLICATION, DISTRIBUTION, ETC. (IMPRINT)
Name of publisher, distributor, etc "मनोवेध प्रकाशन (का ़े सुमती)"
Date of publication, distribution, etc 2001
300 ## - PHYSICAL DESCRIPTION
Extent 152
600 ## - SUBJECT ADDED ENTRY--PERSONAL NAME
Personal name गार्डनर अर्ल स्टॅनले
630 ## - SUBJECT ADDED ENTRY--UNIFORM TITLE
Uniform title अखेर काय झालं?
700 ## - ADDED ENTRY--PERSONAL NAME
Personal name गार्डनर अर्ल स्टॅनले
700 ## - ADDED ENTRY--PERSONAL NAME
Personal name भावे अपर्णा
730 ## - ADDED ENTRY--UNIFORM TITLE
Uniform title अखेर काय झालं?
942 ## - ADDED ENTRY ELEMENTS (KOHA)
Koha item type Book

No items available.